000
00228nam a22000857a 4500
008
161206b xxu||||| |||| 00| 0 eng d
100
_9
1817
_a
Menovshchikov. G
245
_a
The Singing Rabbit
260
_a
Moscow
_b
Radyea Publisher
_c
1982
999
_c
4559
_d
4559